India's national security: (Record no. 78292)

MARC details
000 -LEADER
fixed length control field 01795nam a22004217a 4500
005 - DATE AND TIME OF LATEST TRANSACTION
control field 20181110152937.0
010 ## - LCCN (DPL NO)
LC control number ENG-108262 B-712815
020 ## - INTERNATIONAL STANDARD BOOK NUMBER
International Standard Book Number 9780198081753
Terms of availability 995.00
020 ## - INTERNATIONAL STANDARD BOOK NUMBER
International Standard Book Number 9780198081753
Terms of availability 1045.00 (A.V)
020 ## - INTERNATIONAL STANDARD BOOK NUMBER
International Standard Book Number 0198081758
Terms of availability 995.00
035 ## - SYSTEM CONTROL NUMBER
System control number EN-91795
035 ## - SYSTEM CONTROL NUMBER
System control number B-534965-967
035 ## - SYSTEM CONTROL NUMBER
System control number B-664571
035 ## - SYSTEM CONTROL NUMBER
System control number B-712815
037 ## - SOURCE OF ACQUISITION
Source of stock number/acquisition DBAD/PUB
037 ## - SOURCE OF ACQUISITION
Source of stock number/acquisition BSB/Ven
Stock number dpl
037 ## - SOURCE OF ACQUISITION
Source of stock number/acquisition RK Books
082 ## - DEWEY DECIMAL CLASSIFICATION NUMBER
Classification number 355.033054
245 10 - TITLE STATEMENT
Title India's national security:
Statement of responsibility, etc edited by Kanti P. Bajpai [and] Harsh V. Pant
Remainder of title a reader /
260 ## - PUBLICATION, DISTRIBUTION, ETC. (IMPRINT)
Place of publication, distribution, etc New Delhi
Name of publisher, distributor, etc Oxford University Press
Date of publication, distribution, etc 2013
270 ## - ADDRESS
Address YMCA Libraray Building, 1 Jai Singh Road
City New Delhi
Postal code 110001
270 ## - ADDRESS
Address 2/11 Ground Floor, Ansari Road, Daryaganj
City New Delhi
Postal code 110002
300 ## - PHYSICAL DESCRIPTION
Extent x,486p.
Dimensions 23cm(Hb)
Other physical details iil.,maps
490 ## - SERIES STATEMENT
Series statement Critical issues in Indian politics
500 ## - GENERAL NOTE
General note Contributed articles; most previously published.
500 ## - GENERAL NOTE
General note includes index
505 ## - FORMATTED CONTENTS NOTE
Formatted contents note Insurgency, terrorism, and state responses -- Nuclear history -- Nuclear weapons and strategic stability -- Defence reforms.
650 ## - SUBJECT ADDED ENTRY--TOPICAL TERM
Topical term or geographic name as entry element National security
Geographic subdivision India.
650 ## - SUBJECT ADDED ENTRY--TOPICAL TERM
Topical term or geographic name as entry element Insurgency
Geographic subdivision India.
650 ## - SUBJECT ADDED ENTRY--TOPICAL TERM
Topical term or geographic name as entry element Nuclear warfare
Geographic subdivision India
General subdivision History.
650 ## - SUBJECT ADDED ENTRY--TOPICAL TERM
Topical term or geographic name as entry element Nuclear weapons
Geographic subdivision India.
700 ## - ADDED ENTRY--PERSONAL NAME
Personal name Bajpai, Kanti P.
Dates associated with a name 1955-
700 ## - ADDED ENTRY--PERSONAL NAME
Personal name Pant, Harsh V.
942 ## - ADDED ENTRY ELEMENTS (KOHA)
Source of classification or shelving scheme Dewey Decimal Classification
Item type English Books
Call number suffix IND
Classification part 355.033054
Holdings
Withdrawn status Lost status Not for loan Collection code Home library Current library Date acquired Source of acquisition Cost, normal purchase price Full call number Barcode Copy number Cost, replacement price Koha item type Public note
      Non-fiction Ashok Vihar Ashok Vihar 05/07/2017 BPPD/EN/2013-14/AV/2016-17/363/BSB/IN503/28.02.2017/06.03.2017 1045.00 355.033054 IND B-664571 1 1045.00 English Books reprint cost
      Non-fiction Bawana Bawana 25/08/2014 BSB/IN606/27.03.2014/143/25.03.2014/29.03.2014 995.00 355.033054 IND B-534967 1 995.00 English Books  
      Non-fiction Central Library Central Library 25/08/2014 BSB/IN606/27.03.2014/143/25.03.2014/29.03.2014 995.00 355.033054 IND B-534965 1 995.00 English Books  
    Not For Loan Non-fiction D.B.Act.Division D.B.Act.Division 02/08/2013 DBAD / PUB 995.00 355.033054 IND EN-91795 1 995.00 English Books  
      Non-fiction Patel Nagar Patel Nagar 25/08/2014 BSB/IN606/27.03.2014/143/25.03.2014/29.03.2014 995.00 355.033054 IND B-534966 1 995.00 English Books  
      Non-fiction Patel Nagar Patel Nagar 10/11/2018 RK Books/IN1967/18-19/18-10-18/532/04-10-18/31-10-18 1045.00 355.033054 IND B-712815 1 1045.00 English Books  

© Delhi Public Library
Hit Counter
free hit counter